ওথেলো / (Record no. 2671)

MARC details
000 -LEADER
fixed length control field 01007nam a22002297a 4500
003 - CONTROL NUMBER IDENTIFIER
control field BD-DhJNU
005 - DATE AND TIME OF LATEST TRANSACTION
control field 20260412061035.0
008 - FIXED-LENGTH DATA ELEMENTS--GENERAL INFORMATION
fixed length control field 260412b |||||||| |||| 00| 0 eng d
020 ## - INTERNATIONAL STANDARD BOOK NUMBER
International Standard Book Number 9788126015115
040 ## - CATALOGING SOURCE
Original cataloging agency BD-DhJNU
Language of cataloging ENG
Transcribing agency BD-DhJNU
Modifying agency BD-DhJNU
082 ## - DEWEY DECIMAL CLASSIFICATION NUMBER
Edition number 23
Classification number 822.33 SHO
100 ## - MAIN ENTRY--PERSONAL NAME
Personal name শেক্সপিয়র, উইলিঅম
242 ## - TRANSLATION OF TITLE BY CATALOGING AGENCY
Title Othello /
Statement of responsibility, etc. William Shakespeares ; translation by Sunil Kumar Chattopadhyay
245 ## - TITLE STATEMENT
Title ওথেলো /
Statement of responsibility, etc. উইলিঅম শেক্সপিয়র ; সুনীলকুমার চট্টোপাধ্যায় কর্তৃক অণুদীত
Medium
246 ## - VARYING FORM OF TITLE
Title proper/short title Othello /
260 ## - PUBLICATION, DISTRIBUTION, ETC.
Place of publication, distribution, etc. নতুন দিল্লি :
Name of publisher, distributor, etc. সাহিত্য অকাদেমি,
Date of publication, distribution, etc. 2015.
300 ## - PHYSICAL DESCRIPTION
Extent ১৩৬ পৃ. ;
Dimensions ২০ সেমি.।
650 ## - SUBJECT ADDED ENTRY--TOPICAL TERM
Topical term or geographic name entry element নাটক
650 ## - SUBJECT ADDED ENTRY--TOPICAL TERM
Topical term or geographic name entry element Drama
700 ## - ADDED ENTRY--PERSONAL NAME
Personal name চট্টোপাধ্যায়, সুনীলকুমার
Relator term অনুবাদক
942 ## - ADDED ENTRY ELEMENTS (KOHA)
Source of classification or shelving scheme Dewey Decimal Classification
Koha item type Books
Suppress in OPAC No
Holdings
Withdrawn status Lost status Source of classification or shelving scheme Damaged status Not for loan Collection Home library Current library Shelving location Date acquired Source of acquisition Total checkouts Full call number Barcode Date last seen Copy number Price effective from Koha item type
    Dewey Decimal Classification     Non-fiction Jagannath University Central Library Jagannath University Central Library General stacks 04/12/2026 Purchased   822.33 SHO JNUCL36157 04/12/2026 1 04/12/2026 Books